Kreativita a učitelství odborných předmětů /

Hlavní autor: Miklošíková, Miroslava, 1959-
Korporativní autor: Vysoká škola báňská - Technická univerzita Ostrava. Katedra učitelství odborných předmětů
Jazyk: Čeština
Vydáno: Ostrava : Vysoká škola báňská - Technická univerzita, 2009
Vydání: 1. vyd.
Témata:
Externí odkaz: Digitalizovaný dokument
Fyzický popis: 183 s. : il. (některé barev.) ; 21 cm
Knihy
Uloženo v:
LEADER 02164nam a2200541 a 4500
001 nkc20091854842
003 CZ PrNK
005 20170601131956.0
007 ta
008 090507s2009 xr a f 001 0 cze
015 |a cnb001854842 
020 |a 978-80-248-1952-5  |q (brož.) :  |c neprodejné 
035 |a (OCoLC)403645027 
040 |a ABA001  |b cze 
072 7 |a 37  |x Výchova a vzdělávání  |2 Konspekt  |9 22 
080 |a 377.016  |2 MRF 
080 |a 37.016.026  |2 MRF 
080 |a 377.8  |2 MRF 
080 |a 37.091.321  |2 MRF 
080 |a 159.954  |2 MRF 
080 |a (048.8)  |2 MRF 
100 1 |a Miklošíková, Miroslava,  |d 1959-  |7 mzk2007382113  |4 aut 
245 1 0 |a Kreativita a učitelství odborných předmětů /  |c Miroslava Miklošíková 
250 |a 1. vyd. 
260 |a Ostrava :  |b Vysoká škola báňská - Technická univerzita,  |c 2009 
300 |a 183 s. :  |b il. (některé barev.) ;  |c 21 cm 
500 |a Nad názvem: Vysoká škola báňská - Technická univerzita Ostrava, katedra učitelství odborných předmětů 
500 |a 80 výt. 
504 |a Obsahuje bibliografii a rejstřík 
650 0 7 |a odborné předměty  |7 ph123678  |2 czenas 
650 0 7 |a předmětová didaktika  |7 ph162893  |2 czenas 
650 0 7 |a vzdělávání učitelů  |7 ph158324  |2 czenas 
650 0 7 |a pedagogické dovednosti  |7 ph157201  |2 czenas 
650 0 7 |a kreativita  |7 ph121937  |2 czenas 
650 0 9 |a specialized school subjects  |2 eczenas 
650 0 9 |a teaching school subjects  |2 eczenas 
650 0 9 |a teacher education  |2 eczenas 
650 0 9 |a teaching skills  |2 eczenas 
650 0 9 |a creative ability  |2 eczenas 
655 7 |a monografie  |7 fd132842  |2 czenas 
655 9 |a monographs  |2 eczenas 
710 2 |a Vysoká škola báňská - Technická univerzita Ostrava.  |b Katedra učitelství odborných předmětů  |7 mzk2005304506 
856 4 1 |u http://www.digitalniknihovna.cz/mzk/uuid/uuid:ee468c00-cc69-11e3-aec3-005056827e52  |y Digitalizovaný dokument  |x NDK 
910 2 |a BOA001  |b 2-1223.497 
990 |a BK 
995 |a 01 
991 |b 200905  |c NOV  |j 37 MIK 
996 6 |b 2610376028  |c 2-1223.497  |l MZK  |r Sklad / do 1 hodiny  |n 21  |p p.v.  |w 000937129  |u 000010  |a 1  |e BOA001  |j MZK50  |s P